000 00312nam a2200085Ia 4500
245 0 _aManaging schools without fear : the South African school principal of the 21st century
100 _a Nkonyane, Moss Malvern, South Africa, 2007 1st ed
_924489
942 _cBK
008 210817s9999 xx 000 0 und d
999 _c265959
_d265958